000
00209 a2200097 4500
001
3154
100
_a
Achyat, K.S
245
_a
Educational & national cherectots
260
_a
_b
Ashih
_c
090
_c
2435
_d
2435
942
_a
NUST-CAE
_c
M
_c
15947
999
_c
238227
_d
238227